Statistics for Bruce Springsteen: Born to Run album quiz

Click here to take the quiz!

General Stats

  • This quiz has been taken 753 times
  • The average score is 6 of 8

Answer Stats

HintAnswer% Correct
5Born to Run
99%
1Thunder Road
87%
8Jungleland
84%
2Tenth Avenue Freeze-out
72%
4Backstreets
68%
7Meeting Across the River
66%
6She's the One
65%
3Night
62%

Score Distribution

Percentile by Number Answered

Percent of People with Each Score

Your Score History

You have not taken this quiz